Introduction to global business : (Record no. 15335)
[ view plain ]
| 000 -LEADER | |
|---|---|
| fixed length control field | 00446nam a22001457a 4500 |
| 003 - CONTROL NUMBER IDENTIFIER | |
| control field | URS |
| 005 - DATE AND TIME OF LATEST TRANSACTION | |
| control field | 20220114171956.0 |
| 008 - FIXED-LENGTH DATA ELEMENTS--GENERAL INFORMATION | |
| fixed length control field | 180719b xxu||||| |||| 00| 0 eng d |
| 020 ## - INTERNATIONAL STANDARD BOOK NUMBER | |
| International Standard Book Number | 9781305501188 |
| 050 14 - LIBRARY OF CONGRESS CALL NUMBER | |
| Classification number | HD 62.4 |
| Item number | I61 2017 |
| 100 1# - MAIN ENTRY--PERSONAL NAME | |
| Personal name | Gaspar, Julian E., |
| Dates associated with a name | 2017- |
| Relator term | author |
| 245 10 - TITLE STATEMENT | |
| Title | Introduction to global business : |
| Remainder of title | understanding the international environment and global business functions / |
| 250 ## - EDITION STATEMENT | |
| Edition statement | 2nd edition |
| 942 ## - ADDED ENTRY ELEMENTS (KOHA) | |
| Source of classification or shelving scheme | Library of Congress Classification |
| Koha item type | Foreign Books |
| Withdrawn status | Source of classification or shelving scheme | Damaged status | Not for loan | Collection code | Home library | Current library | Shelving location | Date acquired | Total Checkouts | Full call number | Barcode | Date last seen | Price effective from | Koha item type |
|---|---|---|---|---|---|---|---|---|---|---|---|---|---|---|
| Library of Congress Classification | Non-fiction | Binangonan College Library | Binangonan College Library | Foreign Section | 06/07/2023 | HD 62.4 I61 2017 | URSBIN-02435 | 07/19/2018 | 07/19/2018 | Foreign Books | ||||
| Library of Congress Classification | Non-fiction | Binangonan College Library | Binangonan College Library | Foreign Section | 06/07/2023 | HD 62.4 I61 2017 | URSBIN-02436 | 07/19/2018 | 07/19/2018 | Foreign Books |